Prolegómenos
-д хадгалсан:
| Бусад зохиолчид: | |
|---|---|
| Формат: | Ном |
| Хэл сонгох: | испани |
| Хэвлэсэн: |
Buenos Aires
Aguilar
1980
|
| Хэвлэл: | 8a. ed |
| Цуврал: | Iniciación filosófica
|
| Нөхцлүүд: | |
| Шошгууд: |
Шошго нэмэх
Шошго байхгүй, Энэхүү баримтыг шошголох эхний хүн болох!
|
MARC
| LEADER | 00000nam a2200000 a 4500 | ||
|---|---|---|---|
| 001 | UCZ1976 | ||
| 003 | CL-VaPUC | ||
| 005 | 20211015134734.0 | ||
| 008 | 950915e19800000AG |||||||||||||||||spa|d | ||
| 999 | |c 238643 |d 238641 | ||
| 040 | |c Pontificia Universidad Católica de Valparaíso | ||
| 082 | 0 | 4 | |a 142.3 |b KAN |2 21 |
| 245 | 1 | 0 | |a Prolegómenos |
| 250 | |a 8a. ed | ||
| 260 | |a Buenos Aires |b Aguilar |c 1980 | ||
| 300 | |a 229 p | ||
| 490 | 0 | |a Iniciación filosófica | |
| 583 | |a last modification |c 19950915 00:00:00 |k Rodrigo Vera | ||
| 650 | 0 | |a Metafísica |9 265649 | |
| 650 | 0 | |a Ciencia |9 255691 | |
| 650 | 0 | |a Filosofía |9 223554 | |
| 650 | 0 | |a Filosofía alemana |9 265002 | |
| 650 | 7 | |a FILOSOFIA SIGLO 18 |2 CL-VaPUC |9 325041 | |
| 700 | 1 | |a Besteiro, Julián |e traductor |9 863532 | |
| 852 | |a BIBCUR | ||
| 942 | |c BK |2 ddc | ||
| 945 | |d 19950915 00:00:00 |a cmena | ||
| 952 | |0 0 |1 0 |4 0 |6 142_300000000000000_KAN_1980 |7 0 |8 A |9 248977 |a BIBEDU |b BIBEDU |d 2019-11-18 |i 1562665 |o 142.3 KAN 1980 |p 1562665 |r 2019-11-18 |w 2019-11-18 |y BK |k FIL | ||
| 952 | |0 0 |1 0 |4 0 |6 142_300000000000000_KAN_1980 |7 0 |8 A |9 248978 |a BIBEDU |b BIBEDU |d 2019-11-18 |i 1562940 |o 142.3 KAN 1980 |p 1562940 |r 2019-11-18 |w 2019-11-18 |y BK |k FIL | ||
| 952 | |0 0 |1 0 |4 0 |6 142_300000000000000_KAN_1980 |7 0 |8 A |9 248979 |a BIBEDU |b BIBEDU |d 2019-11-18 |i 1562959 |o 142.3 KAN 1980 |p 1562959 |r 2019-11-18 |w 2019-11-18 |y BK |k FIL | ||
| 952 | |0 0 |1 0 |4 0 |6 142_300000000000000_KAN_1980 |7 0 |8 A |9 248980 |a BIBEDU |b BIBEDU |d 2019-11-18 |i 1562967 |o 142.3 KAN 1980 |p 1562967 |r 2019-11-18 |w 2019-11-18 |y BK |k FIL | ||
| 952 | |0 0 |1 0 |4 0 |6 142_300000000000000_KAN_1980 |7 0 |8 A |9 248981 |a BIBART |b BIBART |d 2019-11-18 |i 3129675 |o 142.3 KAN 1980 |p 3129675 |r 2025-03-13 |w 2019-11-18 |y BK |k ART | ||